000 00722nam a2200289Ia 4500
005 20260324140713.0
008 008 260324s9999 xx 000 0 eng d
020 _a9781315043265
037 _aEBOOK
040 _aCRL
040 _beng
040 _cCRL
041 _2eng
041 _aeng
084 _qCRL
100 _aDr Muriel Robinson; Muriel Robinson
_91205412
245 0 _aChildren Reading Print and Television Narrative
245 0 _bIt Always Ends At The Exciting Bit
260 _bTaylor and Francis
260 _c1998
365 _a
365 _b135
856 _uhttp://www.taylorfrancis.com/books/9781315043265
942 _cEBOOK
999 _c1807748
_d1807748